000 00582 a2200169 4500
999 _c29322
_d29322
003 NUST
005 20180118143908.0
008 180118b xxu||||| |||| 00| 0 eng d
020 _a0124105904
020 _a9780124105904
082 0 4 _a530.14
100 1 _aKivshar, Yuri S.
_98823
245 1 0 _aOptical solitons :
_bfrom fibers to photonic crystals /
_cYuri S. Kivshar, Govind Agrawal.
260 _a[S.l.] :
_bAcademic Press,
_c2003.
300 _a540 p. ;
_c24 cm.
700 1 _aAgrawal, Govind.
_98824
942 _aSNS
_cBK
_k530.14 KIV
_2ddc